| 000 | 00596nam a22001937a 4500 | ||
|---|---|---|---|
| 003 | NUST | ||
| 005 | 20230224092841.0 | ||
| 008 | 190718b ||||| |||| 00| 0 eng d | ||
| 038 | _aAttaullah. | ||
| 082 | _a658 | ||
| 100 |
_aKhurshid, Sana _918046 |
||
| 245 |
_aAnalysis of An Advertising Campaign in The Light of Cultural Diversity - A Case Study on Fresher Juice _cSana Khurshid. |
||
| 260 |
_aIslamabad : _bNBS - NUST, _c2013. |
||
| 300 |
_a65 p. : ill. ; _c30cm. |
||
| 500 | _aHard Cover. | ||
| 650 |
_aMBA Thesis. _917629 |
||
| 700 |
_aDr. Masrur Alam Khan. _917871 |
||
| 942 |
_2ddc _cTHE |
||
| 999 |
_c526996 _d526996 |
||